A history of modern Palestine : (Record no. 10210)
[ view plain ]
| 000 -LEADER | |
|---|---|
| fixed length control field | 01458cam a2200361 i 4500 |
| 001 - CONTROL NUMBER | |
| control field | 14570428 |
| 003 - CONTROL NUMBER IDENTIFIER | |
| control field | EG-ScBUE |
| 005 - DATE AND TIME OF LATEST TRANSACTION | |
| control field | 20240602093803.0 |
| 008 - FIXED-LENGTH DATA ELEMENTS--GENERAL INFORMATION | |
| fixed length control field | 060926r20072006enkab f b 001 0 eng d |
| 020 ## - INTERNATIONAL STANDARD BOOK NUMBER | |
| International Standard Book Number | 9780521683159 |
| 035 ## - SYSTEM CONTROL NUMBER | |
| System control number | (OCoLC)ocm70173390 |
| 040 ## - CATALOGING SOURCE | |
| Original cataloging agency | UKM |
| Language of cataloging | eng |
| Description conventions | rda |
| Transcribing agency | UKM |
| Modifying agency | C#P |
| -- | BAKER |
| -- | DLC |
| -- | EG-ScBUE |
| 043 ## - GEOGRAPHIC AREA CODE | |
| Geographic area code | a-is--- |
| 082 04 - DEWEY DECIMAL CLASSIFICATION NUMBER | |
| Classification number | 956.94 |
| Edition number | 22 |
| Item number | PAP |
| 100 1# - MAIN ENTRY--PERSONAL NAME | |
| Personal name | Pappé, Ilan, |
| Relator term | author. |
| 245 12 - TITLE STATEMENT | |
| Title | A history of modern Palestine : |
| Remainder of title | one land, two peoples / |
| Statement of responsibility, etc | Ilan Pappe, University of Haifa, Israel. |
| 250 ## - EDITION STATEMENT | |
| Edition statement | Second edition. |
| 250 ## - EDITION STATEMENT | |
| Edition statement | Reprint edition. |
| 264 #1 - PUBLICATION, DISTRIBUTION, ETC. (IMPRINT) | |
| Place of publication, distribution, etc | Cambridge ; |
| -- | New York : |
| Name of publisher, distributor, etc | Cambridge University Press, |
| Date of publication, distribution, etc | 2007. |
| 300 ## - PHYSICAL DESCRIPTION | |
| Extent | xxi, 361 pages : |
| Other physical details | illustrations, maps ; |
| Dimensions | 23 cm |
| 336 ## - CONTENT TYPE | |
| Source | rdacontent |
| Content type term | text |
| Content type code | txt |
| 337 ## - MEDIA TYPE | |
| Media type term | unmediated |
| Source | rdamedia |
| Media type code | n |
| 338 ## - CARRIER TYPE | |
| Carrier type term | volume |
| Carrier type code | nc |
| Source | rdacarrier |
| 504 ## - BIBLIOGRAPHY, ETC. NOTE | |
| Bibliography, etc | Includes bibliographical references and index. |
| 651 #7 - SUBJECT ADDED ENTRY--GEOGRAPHIC NAME | |
| Geographic name | Palestine |
| General subdivision | History. |
| Source of heading or term | BUEsh |
| 655 ## - INDEX TERM--GENRE/FORM | |
| Form subdivision | Reading book |
| 856 42 - ELECTRONIC LOCATION AND ACCESS | |
| Materials specified | Publisher description |
| Uniform Resource Identifier | <a href="http://www.loc.gov/catdir/enhancements/fy0702/2006281115-d.html">http://www.loc.gov/catdir/enhancements/fy0702/2006281115-d.html</a> |
| 856 41 - ELECTRONIC LOCATION AND ACCESS | |
| Materials specified | Table of contents only |
| Uniform Resource Identifier | <a href="http://www.loc.gov/catdir/enhancements/fy0702/2006281115-t.html">http://www.loc.gov/catdir/enhancements/fy0702/2006281115-t.html</a> |
| 856 42 - ELECTRONIC LOCATION AND ACCESS | |
| Materials specified | Contributor biographical information |
| Uniform Resource Identifier | <a href="http://www.loc.gov/catdir/enhancements/fy0733/2006281115-b.html">http://www.loc.gov/catdir/enhancements/fy0733/2006281115-b.html</a> |
| 906 ## - LOCAL DATA ELEMENT F, LDF (RLIN) | |
| a | 7 |
| b | cbc |
| c | copycat |
| d | 2 |
| e | ncip |
| f | 20 |
| g | y-gencatlg |
| 942 ## - ADDED ENTRY ELEMENTS (KOHA) | |
| Source of classification or shelving scheme | Dewey Decimal Classification |
| Koha item type | Book - Borrowing |
| Withdrawn status | Lost status | Source of classification or shelving scheme | Damaged status | Not for loan | Collection code | Home library | Current library | Shelving location | Date acquired | Source of acquisition | Total Checkouts | Total Renewals | Full call number | Barcode | Date last seen | Date checked out | Price effective from | Koha item type | Public note |
|---|---|---|---|---|---|---|---|---|---|---|---|---|---|---|---|---|---|---|---|
| Dewey Decimal Classification | Baccah | Central Library | Central Library | Second Floor | 08/10/2008 | Purchase | 5 | 3 | 956.94 PAP | 000013977 | 15/07/2025 | 17/10/2022 | 08/10/2008 | Book - Borrowing | |||||
| Dewey Decimal Classification | Baccah | Central Library | Central Library | Second Floor | 08/10/2008 | Purchase | 956.94 PAP | 000013948 | 15/07/2025 | 08/10/2008 | Book - Borrowing | ||||||||
| Dewey Decimal Classification | Baccah | Central Library | Central Library | Second Floor | 08/10/2008 | Purchase | 2 | 11 | 956.94 PAP | 000013976 | 15/07/2025 | 25/05/2011 | 08/10/2008 | Book - Borrowing | |||||
| Dewey Decimal Classification | Baccah | Central Library | Central Library | Second Floor | 08/10/2008 | Purchase | 2 | 2 | 956.94 PAP | 000013975 | 15/07/2025 | 01/12/2010 | 08/10/2008 | Book - Borrowing | |||||
| Dewey Decimal Classification | Baccah | Central Library | Central Library | Second Floor | 08/10/2008 | Purchase | 1 | 956.94 PAP | 000013978 | 15/07/2025 | 04/12/2013 | 08/10/2008 | NB - Book (Non borrowing) | ||||||
| Dewey Decimal Classification | Donation-Gift | Central Library | Central Library | Second Floor | 18/08/2010 | Donation | 2 | 13 | 956.94 PAP | 000025111 | 15/07/2025 | 10/02/2016 | 18/08/2010 | Book - Borrowing | Donated By: Dr. Bassem Ahmed. |